000 00544nam a2200181Ia 4500
005 20250326141106.0
008 250326s9999 xx 000 0 und d
037 _aTextbook
040 _aFMSL
_beng
_cFMSL
041 _aeng
_2eng
084 _aY:1.44 N9
_qFMSL
100 _aSaraswathi T S
245 0 _aCulture, socialization human development: theory research and application India
_cSaraswathi T S
260 _aNew Delhi
_bNew Delhi, Sage
_c1999
300 _a438p
942 _cTB
_hY:1.44 N9
999 _c1288668
_d1288668